| 000 | 00624nam a2200205Ia 4500 | ||
|---|---|---|---|
| 005 | 20250508163741.0 | ||
| 008 | 008 250505s9999 xx 000 0 eng d | ||
| 020 | _a0-335-19883-X | ||
| 037 | _aTextual | ||
| 040 |
_aFEDL _beng _cFEDL |
||
| 041 |
_aeng _2eng |
||
| 084 |
_a378.125, MAR _qFEDL |
||
| 100 |
_aMartin Elaine _9776190 |
||
| 245 | 0 | _aChanging academic work: Developing the learning University | |
| 260 |
_aBuckingham, UK _bSociety for Research into Higher Education (SRHE) _c1999 |
||
| 300 | _ax,166p | ||
| 365 |
_aGBP _b18.99 |
||
| 942 |
_cTEXL _h378.125, MAR |
||
| 999 |
_c1385064 _d1385064 |
||